Biblioteca y Centro de Documentación

Orientación profesional de los grados (Registro nro. 46309)

Detalles MARC
000 -CABECERA
Longitud fija campo de control 01305naa a2200313 c 4500
001 - NÚMERO DE CONTROL
Número de control 46309
003 - IDENTIFICADOR DE NÚMERO DE CONTROL
Identificador del número de control ES-MaCES
005 - FECHA Y HORA DE LA ÚLTIMA TRANSACCIÓN
Fecha y hora de la última transacción 20150925134801.0
008 - CAMPO FIJO DE DESCRIPCIÓN FIJA--INFORMACIÓN GENERAL
Códigos de información de longitud fija   150902s2015 sp ||||| t||||||| ||spa d
040 ## - FUENTE DE CATALOGACIÓN
Centro catalogador de origen ES-MaCES
Lengua de catalogación spa
Centro transcriptor ES-MaCES
Centro modificado ES-MaCES
100 1# - ENCABEZAMIENTO PRINCIPAL--NOMBRE PERSONAL
9 (RLIN) 35959
Nombre de persona Granada Ferrero, Isabel
245 10 - MENCIÓN DE TÍTULO
Título Orientación profesional de los grados
Resto del título : el papel de las facultades de educación y formación
Mención de responsabilidad, etc. Isabel Granada Ferrero
500 ## - NOTA GENERAL
Nota general Resumen
504 ## - NOTA DE BIBLIOGRAFÍA, ETC.
Nota de bibliografía, etc. Bibliografía: p. 30
650 #4 - ASIENTO SECUNDARIO DE MATERIA--TÉRMINO DE MATERIA
9 (RLIN) 27375
Término de materia o nombre geográfico como elemento inicial sistema educativo
650 #4 - ASIENTO SECUNDARIO DE MATERIA--TÉRMINO DE MATERIA
9 (RLIN) 27379
Término de materia o nombre geográfico como elemento inicial enseñanza superior
650 #4 - ASIENTO SECUNDARIO DE MATERIA--TÉRMINO DE MATERIA
9 (RLIN) 27443
Término de materia o nombre geográfico como elemento inicial graduado universitario
650 #4 - ASIENTO SECUNDARIO DE MATERIA--TÉRMINO DE MATERIA
9 (RLIN) 27465
Término de materia o nombre geográfico como elemento inicial orientación profesional
650 #4 - ASIENTO SECUNDARIO DE MATERIA--TÉRMINO DE MATERIA
9 (RLIN) 29403
Término de materia o nombre geográfico como elemento inicial desarrollo de la carrera
650 #4 - ASIENTO SECUNDARIO DE MATERIA--TÉRMINO DE MATERIA
9 (RLIN) 29286
Término de materia o nombre geográfico como elemento inicial personal docente
650 #4 - ASIENTO SECUNDARIO DE MATERIA--TÉRMINO DE MATERIA
9 (RLIN) 29288
Término de materia o nombre geográfico como elemento inicial personal vinculado a la formación
650 #4 - ASIENTO SECUNDARIO DE MATERIA--TÉRMINO DE MATERIA
9 (RLIN) 29972
Término de materia o nombre geográfico como elemento inicial formación de formadores
650 #4 - ASIENTO SECUNDARIO DE MATERIA--TÉRMINO DE MATERIA
9 (RLIN) 26964
Término de materia o nombre geográfico como elemento inicial España
653 10 - TÉRMINO DE INDEXACIÓN--NO CONTROLADO
Término no controlado Educación
650 #4 - ASIENTO SECUNDARIO DE MATERIA--TÉRMINO DE MATERIA
9 (RLIN) 27434
Término de materia o nombre geográfico como elemento inicial universidad
773 0# - ENTRADA DE DOCUMENTO FUENTE
Itemnumber del ítem fuente 83197
Lugar, editor y fecha de publicación Madrid (Ctra. de Colmenar Viejo, Km. 15, Edificio Rectorado, 3ª Planta, 28049) Fundación General de la Universidad Autónoma de Madrid 1999-
Otro identificador del documento 086099
Título Encuentros multidisciplinares
Número de control del registro relacionado (ES-MaCES)25807
Parte(s) relacionada(s) vol. 17, n. 49 (en.-abr. 2015) {55/821 R. 086099} ;p. 21-30
902 ## - CES. TIPO DE DOCUMENTO
Tipodoc (006$c Sirtex) ARL Artículo de libro
942 ## - ELEMENTOS KOHA
Fuente de clasificaión o esquema Clasificación propia del CES
Koha [por defecto] tipo de item Artículos (1982-2017)
Parte de clasificación Educación

No hay ítems disponibles.

© CES, Consejo Económico y Social de España 2021